00318nam a2200121Ia 4500008004100000041000800041082001400049100002200063245004500085260002700130300003000157365000900187240624s9999 xx 000 0 und d aeng a332.6 KIE aKIERNAN MATTHEW J aINVESTING IN A SUSTAINABLE WORLD WHY GRE c2009aNew YorkbAMACOM axx, : 300 : p. : cm. ; 23 cb25